000 01197nam a22002657a 4500
001 58336
003 BD-RjUL
005 20211209080617.0
008 161218s2002 bg ||||| |||| 00| 0 ben d
020 _c: TK 50.00
035 _a(BD-RjUL)58460
040 _aBD-RjUL
_bben
_cBD-RjUL
041 _aben
082 _223
_a801.93
_bGUL 2002
100 _aগুপ্ত, ক্ষেত্র
_9143124
245 1 0 _aলোকসৃষ্টির নন্দনতত্ত্ব :
_bকারিকা লোকনন্দনিকা : চিত্তরঞ্জিনী টীকাসহ /
_cক্ষেত্র গুপ্ত
250 _a১ম সং.
260 _aকলকাতা :
_bলোকসংস্কৃতি গবেষণা পরিষদ,
_c২০০২
300 _a১০৪ পৃ. ;
_c২১ সেমি.
490 _aলোকসংস্কৃতি গবেষণা গ্রন্থমালা ;
_v১৫
650 _aনন্দনতত্ত্ব
_9124988
650 _aAesthetics
_9124124
830 _aলোকসংস্কৃতি গবেষণা গ্রন্থমালা ;
_v১৫
_9173269
942 _2ddc
_cBK
999 _c58336
_d58336